| 000 | 00949cac a22002895a 4500 | ||
|---|---|---|---|
| 008 | 081108r2000 n a|||| |||| 001 0 eng d | ||
| 010 | _a99046113 | ||
| 020 | _a0130270350 | ||
| 020 | _a9780130270351 | ||
| 040 |
_beng _dEG-ScBUE |
||
| 082 | 0 | 4 |
_a004.22 _bMUR _222 |
| 100 | 1 |
_aMurdocca, Miles J. _918027 |
|
| 245 | 1 | 0 |
_aPrinciples of computer architecture / _cMiles J. Murdocca, Vincent P. Heuring. |
| 246 | 3 | 0 | _aComputer architecture |
| 250 | _aInternational ed. | ||
| 260 |
_aUpper Saddle River, New Jersey : _bPrentice-Hall, Inc., _cc.2000. |
||
| 300 |
_axxi, 553 p. : _bill. (some col.) ; _c25 cm. |
||
| 500 | _aIndex : p. 545-553. | ||
| 504 | _aIncludes bibliographical references. | ||
| 590 | _aDoha Ragab Reviewed by : Wessam | ||
| 650 | 0 |
_aComputer architecture. _918028 _2BUEsh |
|
| 651 | _2BUEsh | ||
| 653 | _bCOMSCI | ||
| 655 |
_vreading book _934232 |
||
| 700 | 1 |
_aHeuring, Vincent P. _918029 |
|
| 942 |
_cBB _k004.22 MUR _2ddc |
||
| 999 |
_c607 _d607 |
||